[Event "Campeonato de España Rapid 2017"]
[Site "Linares"]
[Date "2017.08.13"]
[Round "8"]
[White "Gonzalez Laso, Adrian"]
[Black "Garcia Moral Garcia, Jose Daniel"]
[Result "1/2-1/2"]
[Board "27"]
[WhiteElo "2099"]
[WhiteCountry "ESP"]
[WhiteFideId "22223860"]
[WhiteEloChange "5"]
[BlackTitle "FM"]
[BlackElo "2305"]
[BlackCountry "ESP"]
[BlackFideId "2298007"]
[BlackEloChange "-5"]

1. e4 {[%clk 0:14:55]} c5 {[%clk 0:15:09]} 2. Nc3 {[%clk 0:14:59]} a6 {[%clk
0:15:09]} 3. g3 {[%clk 0:15:02]} Nc6 {[%clk 0:15:12]} 4. Bg2 {[%clk 0:15:06]} d6
{[%clk 0:15:16]} 5. d3 {[%clk 0:15:10]} g6 {[%clk 0:15:20]} 6. Be3 {[%clk
0:15:13]} Bg7 {[%clk 0:15:24]} 7. Qd2 {[%clk 0:15:17]} e5 {[%clk 0:14:54]} 8.
Nge2 {[%clk 0:15:08]} Be6 {[%clk 0:14:46]} 9. O-O {[%clk 0:15:08]} Nd4 {[%clk
0:14:39]} 10. f4 {[%clk 0:14:30]} Qd7 {[%clk 0:14:28]} 11. Nd5 {[%clk 0:13:06]}
Bxd5 {[%clk 0:14:29]} 12. exd5 {[%clk 0:13:08]} Ne7 {[%clk 0:14:03]} 13. c3
{[%clk 0:12:59]} Nxe2+ {[%clk 0:14:02]} 14. Qxe2 {[%clk 0:13:02]} O-O {[%clk
0:14:02]} 15. fxe5 {[%clk 0:12:55]} Bxe5 {[%clk 0:13:56]} 16. Bh6 {[%clk
0:12:50]} Rfe8 {[%clk 0:13:40]} 17. Qf3 {[%clk 0:11:34]} f5 {[%clk 0:13:36]} 18.
Rae1 {[%clk 0:11:13]} Kh8 {[%clk 0:13:01]} 19. Kh1 {[%clk 0:11:02]} Ng8 {[%clk
0:13:04]} 20. Bc1 {[%clk 0:10:44]} Rab8 {[%clk 0:12:48]} 21. Bh3 {[%clk 0:10:29]}
Nf6 {[%clk 0:09:28]} 22. Bg5 {[%clk 0:10:24]} Rf8 {[%clk 0:09:20]} 23. Qd1 {[%clk
0:08:50]} Nxd5 {[%clk 0:08:16]} 24. d4 {[%clk 0:08:48]} cxd4 {[%clk 0:08:18]} 25.
cxd4 {[%clk 0:08:52]} Bf6 {[%clk 0:08:07]} 26. Bh6 {[%clk 0:07:24]} Bg7 {[%clk
0:08:01]} 27. Bxg7+ {[%clk 0:07:01]} Qxg7 {[%clk 0:08:09]} 28. Qb3 {[%clk
0:06:49]} Nf6 {[%clk 0:07:51]} 29. Bg2 {[%clk 0:06:15]} d5 {[%clk 0:07:00]} 30.
Re5 {[%clk 0:05:59]} Rbd8 {[%clk 0:06:51]} 31. Rc1 {[%clk 0:05:33]} Rf7 {[%clk
0:05:39]} 32. Qb6 {[%clk 0:05:32]} Rfd7 {[%clk 0:05:37]} 33. Re2 {[%clk 0:03:21]}
Ne4 {[%clk 0:05:29]} 34. Rec2 {[%clk 0:03:21]} Qf6 {[%clk 0:04:33]} 35. Qb4
{[%clk 0:02:49]} Qd6 {[%clk 0:04:34]} 36. Qa5 {[%clk 0:02:53]} h5 {[%clk
0:04:02]} 37. Rc8 {[%clk 0:02:25]} Rxc8 {[%clk 0:03:40]} 38. Rxc8+ {[%clk
0:02:28]} Kg7 {[%clk 0:03:42]} 39. a3 {[%clk 0:01:07]} f4 {[%clk 0:03:22]} 40.
Qe1 {[%clk 0:00:25]} Re7 {[%clk 0:03:17]} 41. Bxe4 {[%clk 0:00:09]} dxe4 {[%clk
0:03:12]} 42. Qc3 {[%clk 0:00:12]} fxg3 {[%clk 0:02:44]} 43. hxg3 {[%clk
0:00:11]} Qf6 {[%clk 0:02:35]} 44. Rc7 {[%clk 0:00:08]} Qf1+ {[%clk 0:02:06]} 45.
Kh2 {[%clk 0:00:12]} Qf2+ {[%clk 0:01:42]} 46. Kh1 {[%clk 0:00:14]} Rf7 {[%clk
0:01:36]} 47. d5+ {[%clk 0:00:17]} Kh7 {[%clk 0:01:40]} 48. Rxf7+ {[%clk
0:00:13]} Qxf7 {[%clk 0:01:42]} 49. d6 {[%clk 0:00:15]} Qf1+ {[%clk 0:01:36]} 50.
Kh2 {[%clk 0:00:19]} Qe2+ {[%clk 0:01:35]} 51. Kh3 {[%clk 0:00:18]} Qd1 {[%clk
0:01:26]} 52. Qc7+ {[%clk 0:00:17]} Kh6 {[%clk 0:01:20]} 53. Kh2 {[%clk 0:00:21]}
Qe2+ {[%clk 0:01:22]} 54. Kg1 {[%clk 0:00:23]} Qe3+ {[%clk 0:01:23]} 55. Kg2
{[%clk 0:00:24]} Qf3+ {[%clk 0:01:26]} 56. Kh2 {[%clk 0:00:28]} Qf2+ {[%clk
0:00:55]} 57. Kh1 {[%clk 0:00:10]} e3 {[%clk 0:00:44]} 58. Qc1 {[%clk 0:00:06]}
Qf3+ {[%clk 0:00:38]} 59. Kh2 {[%clk 0:00:11]} Qf2+ {[%clk 0:00:43]} 60. Kh1
{[%clk 0:00:15]} Qxg3 {[%clk 0:00:38]} 61. d7 {[%clk 0:00:08]} Qh3+ {[%clk
0:00:47]} 62. Kg1 {[%clk 0:00:12]} Qxd7 {[%clk 0:00:51]} 63. Qxe3+ {[%clk
0:00:16]} Kh7 {[%clk 0:00:55]} 64. Qc3 {[%clk 0:00:18]} Qf7 {[%clk 0:00:58]} 65.
Kg2 {[%clk 0:00:22]} Qd5+ {[%clk 0:00:58]} 66. Kg3 {[%clk 0:00:25]} Qg5+ {[%clk
0:01:01]} 67. Kh3 {[%clk 0:00:29]} Qf5+ {[%clk 0:01:04]} 68. Kg3 {[%clk 0:00:31]}
Qg4+ {[%clk 0:01:05]} 69. Kh2 {[%clk 0:00:30]} Qf4+ {[%clk 0:01:08]} 70. Kg2
{[%clk 0:00:34]} Qe4+ {[%clk 0:01:12]} 71. Kh2 {[%clk 0:00:38]} Kh6 {[%clk
0:01:15]} 72. Qd2+ {[%clk 0:00:39]} Kg7 {[%clk 0:01:16]} 73. Qd7+ {[%clk
0:00:43]} Kf6 {[%clk 0:01:19]} 74. Qd8+ {[%clk 0:00:42]} Kf5 {[%clk 0:01:20]} 75.
Qd7+ {[%clk 0:00:14]} Kf4 {[%clk 0:01:22]} 76. Qd2+ {[%clk 0:00:08]} Kg4 {[%clk
0:01:23]} 77. Qd7+ {[%clk 0:00:16]} Qf5 {[%clk 0:01:24]} 78. Qd1+ {[%clk
0:00:18]} Qf3 {[%clk 0:01:26]} 79. Qd7+ {[%clk 0:00:21]} Kg5 {[%clk 0:01:29]} 80.
Qd8+ {[%clk 0:00:24]} Qf6 {[%clk 0:01:30]} 81. Qd5+ {[%clk 0:00:26]} Qf5 {[%clk
0:01:34]} 82. Qd8+ {[%clk 0:00:29]} Kg4 {[%clk 0:01:36]} 83. Qd1+ {[%clk
0:00:32]} Kf4 {[%clk 0:01:38]} 84. Qd4+ {[%clk 0:00:30]} Qe4 {[%clk 0:01:41]} 85.
Qd2+ {[%clk 0:00:25]} Qe3 {[%clk 0:01:42]} 86. Qd6+ {[%clk 0:00:32]} Kg5 {[%clk
0:01:43]} 87. Qd8+ {[%clk 0:00:35]} Kf5 {[%clk 0:01:45]} 88. Qd7+ {[%clk
0:00:39]} Qe6 {[%clk 0:01:48]} 89. Qxb7 {[%clk 0:00:40]} Qe5+ {[%clk 0:01:52]}
90. Kg1 {[%clk 0:00:43]} Qd4+ {[%clk 0:01:53]} 91. Kh2 {[%clk 0:00:45]} Qf2+
{[%clk 0:01:54]} 92. Kh1 {[%clk 0:00:48]} Qf1+ {[%clk 0:01:55]} 93. Kh2 {[%clk
0:00:52]} Qe2+ {[%clk 0:01:58]} 94. Kg1 {[%clk 0:00:54]} Qe3+ {[%clk 0:02:00]}
95. Kh2 {[%clk 0:00:54]} Qe5+ {[%clk 0:02:04]} 96. Kg1 {[%clk 0:00:56]} h4 {[%clk
0:02:05]} 97. Qc8+ {[%clk 0:00:44]} Kf4 {[%clk 0:02:05]} 98. Qxa6 {[%clk
0:00:17]} Qe3+ {[%clk 0:02:00]} 99. Kh2 {[%clk 0:00:14]} Qf2+ {[%clk 0:02:02]}
100. Kh1 {[%clk 0:00:17]} Qf3+ {[%clk 0:01:47]} 101. Kh2 {[%clk 0:00:20]} Qg3+
{[%clk 0:02:06]} 102. Kh1 {[%clk 0:00:24]} Qf3+ {[%clk 0:02:05]} 103. Kh2 {[%clk
0:00:28]} Qf2+ {[%clk 0:02:04]} 104. Kh1 {[%clk 0:00:31]} Qe1+ {[%clk 0:01:58]}
105. Kh2 {[%clk 0:00:34]} g5 {[%clk 0:02:01]} 106. Qc4+ {[%clk 0:00:32]} Kf5
{[%clk 0:02:02]} 107. Qf7+ {[%clk 0:00:35]} Kg4 {[%clk 0:02:03]} 108. Qc4+ {[%clk
0:00:37]} Kh5 {[%clk 0:02:03]} 109. Qf7+ {[%clk 0:00:41]} Kg4 {[%clk 0:02:05]}
110. Qc4+ {[%clk 0:00:44]} Kf5 {[%clk 0:02:07]} 111. Qf7+ {[%clk 0:00:48]} Kg4
{[%clk 0:02:08]} 112. Qc4+ {[%clk 0:00:52]} 1/2-1/2

[Event "Campeonato de España Rapid 2017"]
[Site "Linares"]
[Date "2017.08.13"]
[Round "8"]
[White "Gutierrez Olivares, Daniel"]
[Black "Gonzalez Diez, Ruben"]
[Result "0-1"]
[Board "29"]
[WhiteTitle "FM"]
[WhiteElo "2269"]
[WhiteCountry "ESP"]
[WhiteFideId "2264005"]
[WhiteEloChange "-15"]
[BlackElo "2085"]
[BlackCountry "ESP"]
[BlackFideId "2251213"]
[BlackEloChange "15"]

1. Nf3 {[%clk 0:13:14]} e6 {[%clk 0:15:06]} 2. g3 {[%clk 0:13:17]} f5 {[%clk
0:15:10]} 3. Bg2 {[%clk 0:13:19]} Nf6 {[%clk 0:15:13]} 4. O-O {[%clk 0:13:20]}
Be7 {[%clk 0:15:16]} 5. d3 {[%clk 0:13:13]} O-O {[%clk 0:15:16]} 6. Nc3 {[%clk
0:12:45]} Nc6 {[%clk 0:14:52]} 7. e4 {[%clk 0:12:10]} fxe4 {[%clk 0:13:53]} 8.
dxe4 {[%clk 0:12:02]} e5 {[%clk 0:13:29]} 9. Qe2 {[%clk 0:12:06]} Kh8 {[%clk
0:13:23]} 10. Qc4 {[%clk 0:11:33]} a6 {[%clk 0:12:43]} 11. a3 {[%clk 0:10:46]}
Qe8 {[%clk 0:12:10]} 12. Ng5 {[%clk 0:09:04]} Qh5 {[%clk 0:10:48]} 13. f4 {[%clk
0:07:03]} b5 {[%clk 0:08:35]} 14. Qd3 {[%clk 0:06:27]} Ng4 {[%clk 0:08:02]} 15.
Nh3 {[%clk 0:06:26]} Bc5+ {[%clk 0:06:59]} 16. Kh1 {[%clk 0:06:29]} d6 {[%clk
0:05:04]} 17. f5 {[%clk 0:06:31]} Nd4 {[%clk 0:03:17]} 18. Nd5 {[%clk 0:06:19]}
a5 {[%clk 0:02:48]} 19. Bg5 {[%clk 0:05:52]} c6 {[%clk 0:01:43]} 20. Ne7 {[%clk
0:05:04]} Ba6 {[%clk 0:01:35]} 21. c3 {[%clk 0:03:42]} b4 {[%clk 0:01:29]} 22.
Qd1 {[%clk 0:03:04]} Bxf1 {[%clk 0:01:14]} 23. Qxf1 {[%clk 0:03:07]} bxc3 {[%clk
0:01:07]} 24. bxc3 {[%clk 0:03:10]} Nc2 {[%clk 0:01:02]} 25. Ra2 {[%clk 0:02:20]}
Nce3 {[%clk 0:01:04]} 26. Qf3 {[%clk 0:02:06]} Nxg2 {[%clk 0:00:52]} 27. Kxg2
{[%clk 0:01:31]} Nf6 {[%clk 0:00:32]} 28. Qd3 {[%clk 0:01:18]} Qf7 {[%clk
0:00:35]} 29. Re2 {[%clk 0:01:07]} Qxe7 {[%clk 0:00:38]} 30. Bh4 {[%clk 0:01:10]}
Qf7 {[%clk 0:00:37]} 31. Ng5 {[%clk 0:01:13]} Qh5 {[%clk 0:00:40]} 32. Ne6 {[%clk
0:01:16]} Rf7 {[%clk 0:00:40]} 33. h3 {[%clk 0:01:08]} d5 {[%clk 0:00:37]} 34.
Nxc5 {[%clk 0:00:58]} dxe4 {[%clk 0:00:33]} 35. Nxe4 {[%clk 0:00:52]} Qxf5 {[%clk
0:00:26]} 36. Bxf6 {[%clk 0:00:52]} gxf6 {[%clk 0:00:30]} 37. Rf2 {[%clk
0:00:46]} Qg6 {[%clk 0:00:33]} 38. Qc4 {[%clk 0:00:35]} Rg8 {[%clk 0:00:32]} 39.
Rf3 {[%clk 0:00:28]} f5 {[%clk 0:00:25]} 40. Nd6 {[%clk 0:00:31]} Rf6 {[%clk
0:00:26]} 41. Nb7 {[%clk 0:00:19]} f4 {[%clk 0:00:30]} 42. Qe2 {[%clk 0:00:09]}
e4 {[%clk 0:00:33]} 0-1

[Event "Campeonato de España Rapid 2017"]
[Site "Linares"]
[Date "2017.08.13"]
[Round "8"]
[White "Merario Alarcon, Andres"]
[Black "Delgado Alarcon, Jesus Francisco"]
[Result "0-1"]
[Board "30"]
[WhiteElo "2267"]
[WhiteCountry "ESP"]
[WhiteFideId "24522767"]
[WhiteEloChange "-15"]
[BlackElo "2055"]
[BlackCountry "ESP"]
[BlackFideId "2272369"]
[BlackEloChange "15"]

1. d4 {[%clk 0:14:56]} f5 {[%clk 0:14:58]} 2. g3 {[%clk 0:14:58]} Nf6 {[%clk
0:15:02]} 3. Bg2 {[%clk 0:15:01]} d5 {[%clk 0:15:06]} 4. c4 {[%clk 0:14:53]} c6
{[%clk 0:15:09]} 5. Nd2 {[%clk 0:14:34]} e6 {[%clk 0:15:07]} 6. Nh3 {[%clk
0:14:37]} Bd6 {[%clk 0:15:06]} 7. O-O {[%clk 0:14:35]} O-O {[%clk 0:15:09]} 8.
Nf3 {[%clk 0:14:30]} Nbd7 {[%clk 0:14:31]} 9. Bf4 {[%clk 0:13:54]} Qe7 {[%clk
0:14:02]} 10. Bxd6 {[%clk 0:13:34]} Qxd6 {[%clk 0:14:05]} 11. Nf4 {[%clk
0:13:37]} Ne4 {[%clk 0:13:52]} 12. Qc2 {[%clk 0:13:32]} g5 {[%clk 0:12:23]} 13.
Nd3 {[%clk 0:13:32]} g4 {[%clk 0:12:18]} 14. Nfe5 {[%clk 0:13:35]} Ndf6 {[%clk
0:11:28]} 15. Nf4 {[%clk 0:13:30]} dxc4 {[%clk 0:10:41]} 16. Rfd1 {[%clk
0:13:03]} b5 {[%clk 0:10:30]} 17. b3 {[%clk 0:13:04]} c5 {[%clk 0:10:10]} 18. f3
{[%clk 0:10:52]} cxd4 {[%clk 0:09:30]} 19. fxe4 {[%clk 0:10:37]} Qxe5 {[%clk
0:09:29]} 20. exf5 {[%clk 0:10:39]} Nd5 {[%clk 0:09:03]} 21. Nxd5 {[%clk
0:08:59]} exd5 {[%clk 0:08:57]} 22. Qd2 {[%clk 0:08:46]} d3 {[%clk 0:07:41]} 23.
exd3 {[%clk 0:08:44]} c3 {[%clk 0:07:32]} 24. d4 {[%clk 0:08:37]} Qxf5 {[%clk
0:07:05]} 25. Qxc3 {[%clk 0:08:21]} Qf2+ {[%clk 0:06:52]} 26. Kh1 {[%clk
0:08:40]} Bb7 {[%clk 0:06:36]} 27. Rf1 {[%clk 0:07:42]} Qe2 {[%clk 0:06:37]} 28.
Qc7 {[%clk 0:07:36]} Rxf1+ {[%clk 0:05:12]} 29. Rxf1 {[%clk 0:07:38]} Rf8 {[%clk
0:05:14]} 30. Rxf8+ {[%clk 0:05:27]} Kxf8 {[%clk 0:05:17]} 31. Qb8+ {[%clk
0:04:52]} Qe8 {[%clk 0:05:06]} 32. Qf4+ {[%clk 0:03:55]} Ke7 {[%clk 0:04:15]} 33.
Qxg4 {[%clk 0:03:52]} Kd6 {[%clk 0:03:53]} 34. Qf4+ {[%clk 0:03:53]} Kc6 {[%clk
0:03:50]} 35. h3 {[%clk 0:03:37]} Qe6 {[%clk 0:03:44]} 36. Qc1+ {[%clk 0:03:39]}
Kd7 {[%clk 0:03:43]} 37. Kh2 {[%clk 0:03:25]} a6 {[%clk 0:03:38]} 38. h4 {[%clk
0:03:28]} Qe2 {[%clk 0:03:26]} 39. Qh6 {[%clk 0:02:56]} Qc2 {[%clk 0:03:04]} 40.
Qg7+ {[%clk 0:02:48]} Kc6 {[%clk 0:02:51]} 41. Qe5 {[%clk 0:02:17]} Kb6 {[%clk
0:02:48]} 42. Qd6+ {[%clk 0:02:00]} Bc6 {[%clk 0:02:35]} 43. Qd8+ {[%clk
0:01:47]} Kb7 {[%clk 0:02:36]} 44. Qe7+ {[%clk 0:01:32]} Kb6 {[%clk 0:02:40]} 45.
h5 {[%clk 0:01:10]} Qd1 {[%clk 0:02:17]} 46. Qe5 {[%clk 0:01:03]} Qd2 {[%clk
0:02:07]} 47. b4 {[%clk 0:00:45]} Qxb4 {[%clk 0:02:03]} 48. Qb8+ {[%clk 0:00:40]}
Bb7 {[%clk 0:02:02]} 49. Qh8 {[%clk 0:00:27]} Qb1 {[%clk 0:01:55]} 50. Qe5 {[%clk
0:00:14]} Qxa2 {[%clk 0:01:45]} 51. Qd6+ {[%clk 0:00:07]} Bc6 {[%clk 0:01:48]}
52. Qc5+ {[%clk 0:00:09]} Kb7 {[%clk 0:01:52]} 53. Qe7+ {[%clk 0:00:18]} Kb6
{[%clk 0:02:01]} 54. Qxh7 {[%clk 0:00:21]} b4 {[%clk 0:02:00]} 55. Qg8 {[%clk
0:00:19]} b3 {[%clk 0:01:59]} 56. Qb8+ {[%clk 0:00:22]} Bb7 {[%clk 0:01:52]} 57.
Qd6+ {[%clk 0:00:24]} Ka7 {[%clk 0:01:56]} 58. Qc5+ {[%clk 0:00:28]} Kb8 {[%clk
0:01:50]} 59. h6 {[%clk 0:00:30]} Qc2 {[%clk 0:01:45]} 60. Qf8+ {[%clk 0:00:08]}
Ka7 {[%clk 0:01:49]} 61. Qg7 {[%clk 0:00:08]} b2 {[%clk 0:01:48]} 62. h7 {[%clk
0:00:09]} b1Q {[%clk 0:01:51]} 63. h8Q {[%clk 0:00:12]} Qf1 {[%clk 0:01:46]} 64.
Qh3 {[%clk 0:00:09]} Qcf2 {[%clk 0:01:41]} 65. Qxb7+ {[%clk 0:00:09]} Kxb7 {[%clk
0:01:44]} 66. Qd7+ {[%clk 0:00:13]} Kb6 {[%clk 0:01:45]} 67. Qd6+ {[%clk
0:00:07]} Kb5 {[%clk 0:01:45]} 68. Qxd5+ {[%clk 0:00:08]} Ka4 {[%clk 0:01:35]}
69. Qc6+ {[%clk 0:00:10]} Qb5 {[%clk 0:01:37]} 70. Qc3 {[%clk 0:00:05]} Qh5#
{[%clk 0:01:30]} 0-1

[Event "Campeonato de España Rapid 2017"]
[Site "Linares"]
[Date "2017.08.13"]
[Round "8"]
[White "Martinez Rodriguez, Pablo"]
[Black "Gonzalez Benavides, Jose Antonio"]
[Result "1-0"]
[Board "31"]
[WhiteTitle "FM"]
[WhiteElo "2264"]
[WhiteCountry "ESP"]
[WhiteFideId "2205467"]
[WhiteEloChange "4"]
[BlackElo "2044"]
[BlackCountry "ESP"]
[BlackFideId "2296373"]
[BlackEloChange "-4"]

1. d4 {[%clk 0:15:05]} d5 {[%clk 0:15:05]} 2. c4 {[%clk 0:15:05]} c6 {[%clk
0:15:05]} 3. cxd5 {[%clk 0:15:01]} cxd5 {[%clk 0:15:05]} 4. Nc3 {[%clk 0:15:01]}
Nf6 {[%clk 0:15:05]} 5. Bf4 {[%clk 0:14:32]} a6 {[%clk 0:15:05]} 6. e3 {[%clk
0:14:32]} Nc6 {[%clk 0:15:05]} 7. Bd3 {[%clk 0:14:29]} Bg4 {[%clk 0:15:05]} 8. f3
{[%clk 0:14:03]} Bh5 {[%clk 0:15:05]} 9. Rc1 {[%clk 0:13:59]} e6 {[%clk 0:15:05]}
10. Qb3 {[%clk 0:12:43]} Be7 {[%clk 0:13:08]} 11. a3 {[%clk 0:09:48]} Ra7 {[%clk
0:11:53]} 12. Nge2 {[%clk 0:09:01]} O-O {[%clk 0:11:53]} 13. Na4 {[%clk 0:08:37]}
Nd7 {[%clk 0:11:18]} 14. O-O {[%clk 0:08:12]} Bg6 {[%clk 0:11:13]} 15. Bxg6
{[%clk 0:08:07]} hxg6 {[%clk 0:11:13]} 16. Rc2 {[%clk 0:07:21]} Na5 {[%clk
0:11:13]} 17. Qd3 {[%clk 0:06:27]} Nc4 {[%clk 0:10:28]} 18. e4 {[%clk 0:06:01]}
b5 {[%clk 0:10:13]} 19. exd5 {[%clk 0:05:46]} exd5 {[%clk 0:10:13]} 20. Nac3
{[%clk 0:05:41]} Ndb6 {[%clk 0:10:08]} 21. Bc1 {[%clk 0:05:36]} Rc7 {[%clk
0:09:33]} 22. f4 {[%clk 0:05:10]} Bf6 {[%clk 0:09:08]} 23. f5 {[%clk 0:05:05]} g5
{[%clk 0:09:03]} 24. Ng3 {[%clk 0:04:31]} Re8 {[%clk 0:08:48]} 25. Rd1 {[%clk
0:04:25]} Rce7 {[%clk 0:08:33]} 26. Re2 {[%clk 0:04:10]} Rxe2 {[%clk 0:08:18]}
27. Ncxe2 {[%clk 0:04:05]} Na4 {[%clk 0:06:49]} 28. Qc2 {[%clk 0:03:22]} Nd6
{[%clk 0:05:34]} 29. b3 {[%clk 0:02:43]} Nb6 {[%clk 0:05:32]} 30. Qc6 {[%clk
0:02:28]} Ne4 {[%clk 0:05:27]} 31. Nf1 {[%clk 0:02:03]} Qd7 {[%clk 0:04:52]} 32.
Qxb6 {[%clk 0:01:58]} Qxf5 {[%clk 0:04:52]} 33. Be3 {[%clk 0:01:33]} Re6 {[%clk
0:04:37]} 34. Qb8+ {[%clk 0:01:28]} Kh7 {[%clk 0:04:37]} 35. Neg3 {[%clk
0:01:28]} Nxg3 {[%clk 0:04:37]} 36. Qxg3 {[%clk 0:01:28]} Qc2 {[%clk 0:04:32]}
37. Qh3+ {[%clk 0:01:13]} Kg6 {[%clk 0:04:26]} 38. Rd2 {[%clk 0:00:47]} Qxb3
{[%clk 0:04:12]} 39. Rf2 {[%clk 0:00:28]} Qb1 {[%clk 0:04:12]} 40. Qg3 {[%clk
0:00:13]} Qe4 {[%clk 0:03:58]} 41. Qf3 {[%clk 0:00:08]} Qd3 {[%clk 0:03:01]} 42.
g4 {[%clk 0:00:08]} Qxa3 {[%clk 0:02:56]} 43. h4 Rxe3 {[%clk 0:02:30]} 44. Nxe3
Kh7 {[%clk 0:02:07]} 45. hxg5 Bxd4 {[%clk 0:01:20]} 46. Qf5+ Kg8 {[%clk 0:01:20]}
47. Qxf7+ Kh7 {[%clk 0:01:20]} 48. Rh2# 1-0

[Event "Campeonato de España Rapid 2017"]
[Site "Linares"]
[Date "2017.08.13"]
[Round "9"]
[White "Iturrizaga Bonelli, Eduardo"]
[Black "Vazquez Igarza, Renier"]
[Result "0-1"]
[Board "2"]
[WhiteTitle "GM"]
[WhiteElo "2647"]
[WhiteCountry "VEN"]
[WhiteFideId "3901211"]
[WhiteEloChange "-6"]
[BlackTitle "GM"]
[BlackElo "2602"]
[BlackCountry "ESP"]
[BlackFideId "3503054"]
[BlackEloChange "6"]

1. c4 {[%clk 0:15:06]} e5 {[%clk 0:15:06]} 2. g3 {[%clk 0:15:02]} Nf6 {[%clk
0:15:09]} 3. Bg2 {[%clk 0:15:06]} d5 {[%clk 0:15:11]} 4. cxd5 {[%clk 0:15:06]}
Nxd5 {[%clk 0:15:15]} 5. Nf3 {[%clk 0:15:01]} Nc6 {[%clk 0:15:19]} 6. O-O {[%clk
0:15:03]} Nb6 {[%clk 0:15:22]} 7. d3 {[%clk 0:14:38]} Be7 {[%clk 0:15:19]} 8. Be3
{[%clk 0:14:29]} Nd5 {[%clk 0:14:51]} 9. Bd2 {[%clk 0:14:23]} O-O {[%clk
0:14:52]} 10. Nc3 {[%clk 0:14:26]} Be6 {[%clk 0:14:37]} 11. a3 {[%clk 0:14:24]}
a5 {[%clk 0:14:05]} 12. Qa4 {[%clk 0:13:48]} Nb6 {[%clk 0:13:42]} 13. Qc2 {[%clk
0:13:46]} a4 {[%clk 0:13:29]} 14. Rac1 {[%clk 0:12:02]} Bb3 {[%clk 0:13:08]} 15.
Qb1 {[%clk 0:11:57]} Re8 {[%clk 0:12:28]} 16. Ne4 {[%clk 0:10:35]} Bd5 {[%clk
0:12:26]} 17. Nc5 {[%clk 0:09:08]} Bxc5 {[%clk 0:12:20]} 18. Rxc5 {[%clk
0:09:10]} Nd4 {[%clk 0:11:18]} 19. Nxd4 {[%clk 0:08:20]} Bxg2 {[%clk 0:11:11]}
20. Kxg2 {[%clk 0:07:56]} exd4 {[%clk 0:11:14]} 21. Re1 {[%clk 0:07:50]} Qd6
{[%clk 0:10:36]} 22. Qc2 {[%clk 0:07:50]} c6 {[%clk 0:10:33]} 23. e4 {[%clk
0:06:56]} dxe3 {[%clk 0:10:23]} 24. Bxe3 {[%clk 0:06:58]} Nd5 {[%clk 0:10:12]}
25. d4 {[%clk 0:05:52]} h6 {[%clk 0:09:44]} 26. Rc4 {[%clk 0:05:31]} Re6 {[%clk
0:08:14]} 27. Rxa4 {[%clk 0:04:23]} Rae8 {[%clk 0:08:16]} 28. Qd2 {[%clk
0:04:09]} Re4 {[%clk 0:07:50]} 29. Rc4 {[%clk 0:03:45]} Qe6 {[%clk 0:07:30]} 30.
Rcc1 {[%clk 0:03:30]} h5 {[%clk 0:07:24]} 31. h4 {[%clk 0:03:21]} g5 {[%clk
0:05:12]} 32. Qd3 gxh4 {[%clk 0:04:38]} 33. Bd2 {[%clk 0:00:25]} Qg4 {[%clk
0:03:29]} 34. Rxe4 {[%clk 0:00:08]} Rxe4 {[%clk 0:03:23]} 35. Re1 {[%clk
0:00:01]} 0-1

[Event "Campeonato de España Rapid 2017"]
[Site "Linares"]
[Date "2017.08.13"]
[Round "9"]
[White "Granda Zuniga, Julio E"]
[Black "Larino Nieto, David"]
[Result "1-0"]
[Board "3"]
[WhiteTitle "GM"]
[WhiteElo "2644"]
[WhiteCountry "PER"]
[WhiteFideId "3800024"]
[WhiteEloChange "3"]
[BlackTitle "GM"]
[BlackElo "2509"]
[BlackCountry "ESP"]
[BlackFideId "2256444"]
[BlackEloChange "-3"]

1. d4 {[%clk 0:15:09]} d6 {[%clk 0:14:58]} 2. e4 {[%clk 0:15:10]} g6 {[%clk
0:14:51]} 3. Nc3 {[%clk 0:15:06]} Bg7 {[%clk 0:14:55]} 4. Be3 {[%clk 0:15:09]} a6
{[%clk 0:14:56]} 5. Qd2 {[%clk 0:15:04]} b5 {[%clk 0:15:00]} 6. f3 {[%clk
0:14:51]} Nd7 {[%clk 0:14:35]} 7. h4 {[%clk 0:14:22]} h5 {[%clk 0:14:27]} 8. Nh3
{[%clk 0:14:15]} Bb7 {[%clk 0:14:31]} 9. Ng5 {[%clk 0:13:55]} Ngf6 {[%clk
0:13:51]} 10. g3 {[%clk 0:13:14]} b4 {[%clk 0:13:43]} 11. Ne2 {[%clk 0:12:44]} c5
{[%clk 0:13:47]} 12. Bh3 {[%clk 0:11:53]} Qc7 {[%clk 0:13:35]} 13. O-O {[%clk
0:10:18]} a5 {[%clk 0:13:38]} 14. Rac1 {[%clk 0:08:19]} O-O {[%clk 0:13:32]} 15.
c4 {[%clk 0:07:53]} bxc3 {[%clk 0:12:41]} 16. Rxc3 {[%clk 0:07:53]} Qb6 {[%clk
0:10:50]} 17. Rfc1 {[%clk 0:07:37]} Rfd8 {[%clk 0:10:29]} 18. Qc2 {[%clk
0:06:43]} a4 {[%clk 0:10:18]} 19. dxc5 {[%clk 0:06:19]} Nxc5 {[%clk 0:10:08]} 20.
b4 {[%clk 0:02:51]} axb3 {[%clk 0:09:48]} 21. Rxb3 {[%clk 0:02:55]} Qa6 {[%clk
0:09:34]} 22. Bxc5 {[%clk 0:02:47]} dxc5 {[%clk 0:09:35]} 23. e5 {[%clk 0:02:51]}
Nh7 {[%clk 0:08:58]} 24. Nxf7 {[%clk 0:02:24]} Kxf7 {[%clk 0:08:37]} 25. Nf4
{[%clk 0:02:26]} Nf8 {[%clk 0:07:39]} 26. Be6+ {[%clk 0:02:21]} Ke8 {[%clk
0:07:29]} 27. Bc4 {[%clk 0:02:24]} Qxa2 {[%clk 0:06:07]} 28. Qxa2 {[%clk
0:02:17]} Rxa2 {[%clk 0:06:10]} 29. Rxb7 {[%clk 0:02:19]} Rad2 {[%clk 0:05:47]}
30. e6 {[%clk 0:02:03]} Ra8 {[%clk 0:05:28]} 31. Nd5 {[%clk 0:02:23]} Kd8 {[%clk
0:02:30]} 32. Nxe7 {[%clk 0:01:47]} Rd6 {[%clk 0:02:31]} 33. Nc6+ {[%clk
0:01:46]} Rxc6 {[%clk 0:02:33]} 34. Rxg7 {[%clk 0:01:39]} Nxe6 {[%clk 0:02:20]}
35. Rg8+ {[%clk 0:01:41]} 1-0